000 00416pab a2200169 454500
008 180718b2005 xxu||||| |||| 00| 0 eng d
100 _aLal, Ram
245 _aE governance: identifying critical success factors
260 _c2005
300 _ap.103-14.
362 _aJan-Jun
650 _aElectronic governance
700 _aKhan, A. Rahman
700 _aHaleem, Abid
773 _aPranjana
909 _a66784
999 _c66784
_d66784